000 00293nam a22001337a 4500
008 170214b xxu||||| |||| 00| 0 eng d
020 _a9780781777698
041 _aeng
080 _29TH
_a61
100 _a4
101 _aSHM
245 _aCLINICAL DRUG THERAPY
_cABRAMS, A.C
942 _2udc
_cBK
999 _c5444
_d5444